000 00234nam a22000857a 4500
008 160712b xxu||||| |||| 00| 0 eng d
100 _92654
_a Osborne, C
245 _aThe Art of Understanding Yourself
260 _aMichigan
_b Zondervan
_c1967
999 _c2307
_d2307